000 00528nam a2200193Ia 4500
003 IIN
005 20240125124010.0
008 231217s9999 xx 000 0 und d
020 _cRs.750.00
_a9789389587135
040 _aIIN
_bEnglish
082 _a610.73
_bCLE
100 _aClement, I.
245 1 _aNursing solved Question Papers for B.Sc Nursing 1st year (2019-2014)
_cI. Clement
250 _a4th ed
260 _bJaypee
_aNew Delhi
_c2020
300 _ax, 610 p.
650 1 _aQuestion Solved
_vNursing
942 _cBOOK
999 _c621
_d621